Loading...
| Social Science | 0 | 4 | 0 | 1 | 40 | 79 | 104.00 | 0 | 4 | 2.89 | 12.50 |
| History - European | 0 | 3 | 0 | 1 | 30 | 114 | 130.33 | 0 | 3 | 0.00 | 0.00 |
| Science - Biology | 1 | 1 | 0 | 0 | 25 | 19 | 70.00 | 1 | 2 | 0.00 | 0.00 |
| Literature - British | 1 | 1 | 0 | 0 | 25 | 58 | 96.50 | 1 | 2 | 0.00 | 0.00 |
| World and Other Literature | 1 | 1 | 1 | 0 | 20 | 67 | 102.50 | 0 | 2 | 0.00 | 0.00 |
| History - American | 0 | 2 | 0 | 2 | 20 | 139 | 143.50 | 0 | 2 | 3.35 | 12.50 |
| History - World | 0 | 2 | 0 | 1 | 20 | 103 | 123.50 | 1 | 2 | 0.00 | 0.00 |
| Other Academic | 0 | 2 | 0 | 0 | 20 | 100 | 100.50 | 0 | 2 | 0.00 | 0.00 |
| Other Science: Computer Science | 0 | 2 | 0 | 0 | 20 | 108 | 111.50 | 0 | 2 | 0.00 | 0.00 |
| Science - Physics | 0 | 2 | 1 | 0 | 15 | 108 | 117.50 | 0 | 2 | 2.73 | 4.17 |
| Other Science: Earth Science | 1 | 0 | 0 | 1 | 15 | 59 | 59.00 | 1 | 1 | 0.00 | 0.00 |
| British and Commonwealth History | 0 | 2 | 1 | 2 | 15 | 121 | 136.00 | 2 | 2 | 0.00 | 0.00 |
| Ancient History and Archaeology | 0 | 1 | 0 | 0 | 10 | 136 | 136.00 | 0 | 1 | 0.00 | 0.00 |
| Fine Arts - Auditory | 0 | 1 | 0 | 0 | 10 | 129 | 129.00 | 0 | 1 | 0.00 | 0.00 |
| Literature - American | 0 | 1 | 0 | 1 | 10 | 116 | 116.00 | 0 | 1 | 0.00 | 0.00 |
| Beliefs | 0 | 1 | 0 | 0 | 10 | 109 | 109.00 | 0 | 1 | 0.00 | 0.00 |
| Fine Arts - Visual | 0 | 1 | 0 | 0 | 10 | 75 | 75.00 | 0 | 1 | 0.00 | 0.00 |
| Geography | 0 | 1 | 0 | 0 | 10 | 74 | 74.00 | 0 | 1 | 0.00 | 0.00 |
| Science - Chemistry | 0 | 1 | 1 | 0 | 5 | 135 | 135.00 | 0 | 1 | 0.00 | 0.00 |
| Current Events | 0 | 1 | 1 | 0 | 5 | 135 | 135.00 | 0 | 1 | 0.00 | 0.00 |
| Literature - European | 0 | 1 | 1 | 1 | 5 | 145 | 145.00 | 0 | 1 | 0.00 | 0.00 |
| Other Science: Astronomy | 0 | 0 | 1 | 0 | -5 | 0.00 | 0 | 0 | 0.00 | 0.00 |